|
|
|
|
| LEADER |
00000naa0a2200000 4500 |
| 001 |
648880 |
| 005 |
20250905110430.0 |
| 035 |
|
|
|a (RuTPU)RU\TPU\network\14039
|
| 090 |
|
|
|a 648880
|
| 100 |
|
|
|a 20160609d2014 k||y0engy50 ba
|
| 101 |
0 |
|
|a eng
|
| 102 |
|
|
|a DE
|
| 135 |
|
|
|a drcn ---uucaa
|
| 181 |
|
0 |
|a i
|
| 182 |
|
0 |
|a b
|
| 200 |
1 |
|
|a Thermal NDT of Composites in the Aero Space Industry: A Quantitative Approach
|f V. P. Vavilov, A. O. Chulkov
|
| 203 |
|
|
|a Text
|c electronic
|
| 300 |
|
|
|a Title screen
|
| 320 |
|
|
|a [References: 7 tit.]
|
| 330 |
|
|
|a Thermal inspection has become a recognized NDT tool in the aero space; however, practical surveys still remain rather qualitative. This is conditioned by a lack of basic research aiming to establish quantitative relationships between defect severity and chosen decision making parameters. Therefore, an evident modern trend in thermal NDT is the data processing in the time/phase domains where many noise factors can be considerably subdued. In this study, the emphasis is made on the development of two types of quantitative thermal NDT techniques: mapping thermal inertia (one-sided procedure) and thermal diffusivity (two-sided procedure).
|
| 463 |
|
|
|t European Conference on Non-Destructive Testing (ECNDT 2014)
|o Proceedings of the 11th Conference, October 6-10, 2014, Prague, Czech Republic
|v [10 p.]
|d 2014
|
| 610 |
1 |
|
|a электронный ресурс
|
| 610 |
1 |
|
|a труды учёных ТПУ
|
| 610 |
1 |
|
|a тепловой неразрушающий контроль
|
| 610 |
1 |
|
|a инфракрасная термография
|
| 610 |
1 |
|
|a диффузия
|
| 610 |
1 |
|
|a авиационные материалы
|
| 700 |
|
1 |
|a Vavilov
|b V. P.
|c Specialist in the field of dosimetry and methodology of nondestructive testing (NDT)
|c Doctor of technical sciences (DSc), Professor of Tomsk Polytechnic University (TPU)
|f 1949-
|g Vladimir Platonovich
|3 (RuTPU)RU\TPU\pers\32161
|9 16163
|
| 701 |
|
1 |
|a Chulkov
|b A. O.
|c specialist in the field of non-destructive testing
|c Deputy Director for Scientific and Educational Activities; acting manager; Senior Researcher, Tomsk Polytechnic University, Candidate of Technical Sciences
|f 1989-
|g Arseniy Olegovich
|3 (RuTPU)RU\TPU\pers\32220
|9 16220
|
| 712 |
0 |
2 |
|a Национальный исследовательский Томский политехнический университет (ТПУ)
|b Институт неразрушающего контроля (ИНК)
|b Лаборатория № 34 (Тепловых методов контроля)
|3 (RuTPU)RU\TPU\col\19616
|
| 801 |
|
2 |
|a RU
|b 63413507
|c 20160609
|g RCR
|
| 856 |
4 |
|
|u http://www.ndt.net/search/docs.php3?showForm=off&id=16488
|
| 942 |
|
|
|c CF
|